000 00508nam a2200193Ia 4500
005 20250508165617.0
008 008 250505s9999 xx 000 0 eng d
037 _aPeriodicals
040 _aFEDL
_beng
_cFEDL
041 _aeng
_2eng
084 _a153.9, GOU
_qFEDL
100 _aGould Stephen Jay
_9282223
245 0 _aMismeasure of man
260 _aLondon, UK
_bPenguin Books
_c1988
300 _a352p.
365 _aGBP
_b5.99
942 _cCR
_h153.9, GOU
999 _c1396177
_d1396177